[Event "NED Ch"]
[Site "Hilversum NED"]
[Date "1990.??.??"]
[Round "5"]
[White "Douven, Rudy C"]
[Black "Van der Wiel, John T H"]
[Result "1/2-1/2"]
[WhiteElo "2440"]
[BlackElo "2550"]
[PlyCount "54"]
[EventDate "1990.06.??"]
[Source "www.chesslib.no"]
[SourceDate "2004.05.04"]

1. d4 d6 2. Nf3 g6 3. c4 Bg7 4. e4 Bg4 5. d5 Bxf3 6. Qxf3 Nd7 7. Be2 Ngf6 8. O-O c6 9. Nd2 O-O 10. Rb1 Bh6 11. Bd3 Ne5 12. Qe2 cxd5 13. exd5 Qb6 14. Nf3 Bxc1 15. Rfxc1 Nxf3+ 16. Qxf3 a5 17. b3 Rfe8 18. Bf1 Qb4 19. Re1 Ra7 20. Re3 Qd2 21. Re2 Qd4 22. Ree1 b6 23. g3 Kg7 24. Rbd1 Qc5 25. Rb1 Qa3 26. Qc3 Qb4 27. Qc1 Qc5 1/2-1/2

[Event "Lugano Open"]
[Site "Lugano SUI"]
[Date "1989.??.??"]
[Round "9"]
[White "Franco Ocampos, Zenon"]
[Black "Sibilio, Mario"]
[Result "1/2-1/2"]
[WhiteElo "2490"]
[BlackElo "2490"]
[PlyCount "35"]
[EventDate "1989.03.??"]
[Source "www.chesslib.no"]
[SourceDate "2004.05.04"]

1. c4 g6 2. d4 Bg7 3. e4 d6 4. Nf3 Bg4 5. Be2 Nc6 6. Nbd2 e5 7. d5 Nce7 8. O-O Nf6 9. Ne1 Bc8 10. Nd3 O-O 11. b4 a5 12. c5 Ne8 13. bxa5 c6 14. dxc6 Nxc6 15. Nc4 Be6 16. Nxd6 Nxd6 17. cxd6 Qxd6 18. Be3 1/2-1/2

[Event "Calviá ol (Men)"]
[Site "Mallorca"]
[Date "2004.10.24"]
[Round "9.21"]
[White "Atalik, Suat"]
[Black "McNab, Colin A"]
[Result "1-0"]
[WhiteElo "2541"]
[BlackElo "2434"]
[PlyCount "67"]
[EventDate "2004.10.15"]
[Source "Roberto Alvarez"]
[SourceDate "2004.10.25"]

1. d4 d6 2. Nf3 g6 3. c4 Bg7 4. e4 Bg4 5. Be2 Nc6 6. Be3 Bxf3 7. Bxf3 e5 8. d5 Nd4 9. Bxd4 exd4 10. Nd2 c5 11. dxc6 bxc6 12. b4 Ne7 13. O-O Rb8 14. a3 O-O 15. Nb3 Qc7 16. c5 Rfd8 17. Qd3 dxc5 18. Nxc5 Qd6 19. Qa6 Qc7 20. Rac1 Qb6 21. Be2 Be5 22. Rfd1 h5 23. g3 h4 24. Kg2 Bf6 25. Qa4 Rbc8 26. Bc4 Rc7 27. Re1 d3 28. Nxd3 Bd4 29. Qb3 Kg7 30. Rcd1 Nc8 31. Nc5 Re7 32. Rxd4 Rxd4 33. Qc3 Qd8 34. Rd1 1-0

[Event "Acropolis GM Open"]
[Site "?"]
[Date "2005.03.12"]
[Round "7"]
[White "Gershon Alik"]
[Black "Managadze Nikoloz"]
[Result "1-0"]
[WhiteElo "2533"]
[BlackElo "2430"]
[PlyCount "97"]
[EventDate "2005.??.??"]
[Source "www.chesslib.no"]
[SourceDate "2004.05.04"]

1. d4 g6 2. c4 Bg7 3. Nf3 d6 4. e4 Bg4 5. Be3 Nc6 6. Be2 Bxf3 7. Bxf3 e5 8. d5 Nd4 9. Bxd4 exd4 10. Nd2 Ne7 11. O-O O-O 12. b4 a5 13. b5 a4 14. Rc1 c5 15. dxc6 bxc6 16. Qe2 Rb8 17. Rb1 c5 18. Rfe1 Nc8 19. Bg4 Nb6 20. f4 Qc7 21. g3 Rbe8 22. Qd3 Re7 23. h4 Rfe8 24. h5 f5 25. Bf3 fxe4 26. Rxe4 d5 27. cxd5 Rxe4 28. Bxe4 c4 29. d6 Qc5 30. Nxc4 Nxc4 31. d7 Rd8 32. Rc1 Qxb5 33. Rxc4 Qxd7 34. hxg6 h6 35. Rc6 Kh8 36. f5 Qe7 37. Kg2 Qg5 38. Qf3 Rf8 39. Kh3 a3 40. Ra6 Qe7 41. Rxa3 Rd8 42. Rb3 Bf6 43. Bc6 Bg7 44. Rb7 Qd6 45. Bd5 Rf8 46. Qe4 Qf6 47. Be6 Qd8 48. Qf4 Qf6 49. Qxh6+ 1-0

[Event "Voronezh RUS"]
[Site "?"]
[Date "2006.06.14"]
[Round "3"]
[White "Zakhartsov Viacheslav V"]
[Black "Mihajlovskij Sergei"]
[Result "0-1"]
[WhiteElo "2547"]
[BlackElo "2414"]
[PlyCount "82"]
[EventDate "2006.??.??"]
[Source "www.chesslib.no"]
[SourceDate "2004.05.04"]

1. d4 g6 2. e4 Bg7 3. c4 d6 4. Nf3 Bg4 5. Be2 Nc6 6. Be3 Bxf3 7. Bxf3 e5 8. d5 Nd4 9. Bxd4 exd4 10. Nd2 Ne7 11. O-O O-O 12. Be2 Nc8 13. Bd3 Nb6 14. g3 Nd7 15. Re1 Re8 16. h4 a5 17. f4 c6 18. Kg2 Qb6 19. Rb1 Re7 20. h5 Rae8 21. hxg6 hxg6 22. Qc2 Nc5 23. Nb3 Nxd3 24. Qxd3 Qa6 25. dxc6 d5 26. cxb7 dxe4 27. Nc5 Qc6 28. Qb3 e3+ 29. Kh2 Rb8 30. Qb5 Qf3 31. Qxa5 e2 32. b4 Qf2+ 33. Kh3 Re3 34. Rg1 Qxf4 35. Nd7 Rbe8 36. Qb5 Qh6+ 37. Kg2 Qh3+ 38. Kf2 Qh4 39. Kg2 Rxg3+ 40. Kf2 Qf4+ 41. Ke1 d3 0-1

[Event "Majdanpek"]
[Site "Majdanpek"]
[Date "1976.??.??"]
[Round "8"]
[White "Janosevic, Dragoljub"]
[Black "Ivkov, Borislav"]
[Result "1-0"]
[WhiteElo "2435"]
[BlackElo "2520"]
[PlyCount "89"]
[EventDate "1976.01.??"]
[Source "ChessBase"]

1. e4 g6 2. d4 Bg7 3. c4 d6 4. Nf3 Bg4 5. Be2 Nc6 6. d5 Bxf3 7. Bxf3 Nd4 8. Nc3 c5 9. dxc6 bxc6 10. O-O Rb8 11. g3 e6 12. Bg2 Ne7 13. Bh6 Bxh6 14. Qxd4 O-O 15. Qxa7 Rxb2 16. Qa3 Rd2 17. Rab1 Rd3 18. Rfd1 Bd2 19. Qa4 Qa8 20. Qc2 Rxc3 21. Qxd2 Rxc4 22. Qxd6 Qa7 23. Rb2 Nc8 24. Qe5 Qc5 25. Qxc5 Rxc5 26. Rb7 Ra5 27. Rd2 Ra4 28. e5 Ra5 29. f4 Na7 30. Re7 Rb8 31. Bf1 Ra3 32. Bc4 Rc3 33. Bxe6 fxe6 34. Rxa7 Rc4 35. Kg2 Rcb4 36. Rdd7 h5 37. Rg7+ Kf8 38. Rxg6 Rc4 39. Rh6 Kg8 40. Rxh5 Rc2+ 41. Kh3 Rbb2 42. Kg4 Rxa2 43. Re7 Rxh2 44. Rxe6 Rxh5 45. Kxh5 1-0

[Event "Eilat GP "]
[Site "?"]
[Date "2001.11.16"]
[Round "3"]
[White "Tsesarsky Ilya"]
[Black "Tseitlin Mark D"]
[Result "0-1"]
[WhiteElo "2442"]
[BlackElo "2509"]
[PlyCount "48"]
[EventDate "2001.??.??"]
[Source "www.chesslib.no"]
[SourceDate "2004.05.04"]

1. Nf3 g6 2. e4 Bg7 3. d4 d6 4. c4 Bg4 5. Nc3 Bxf3 6. gxf3 Nc6 7. d5 Nd4 8. Be3 c5 9. dxc6 Nxc6 10. Qd2 Rc8 11. f4 Nf6 12. Bh3 e6 13. Rd1 O-O 14. Qxd6 Qa5 15. Qc5 Nh5 16. Bg4 Nxf4 17. Qxa5 Ng2+ 18. Ke2 Nxa5 19. Bc1 Nxc4 20. Nd5 exd5 21. Bxc8 Rxc8 22. b3 Nd6 23. Kf3 Nh4+ 24. Kg4 Nxe4 0-1

[Event "Kusadasi TUR"]
[Site "?"]
[Date "2006.04.13"]
[Round "9"]
[White "Chuchelov Vladimir"]
[Black "Manca Federico"]
[Result "1-0"]
[WhiteElo "2534"]
[BlackElo "2416"]
[PlyCount "99"]
[EventDate "2006.??.??"]
[Source "www.chesslib.no"]
[SourceDate "2004.05.04"]

1. d4 g6 2. Nf3 Bg7 3. c4 d6 4. e4 Bg4 5. Be2 Bxf3 6. Bxf3 Nc6 7. Be3 e5 8. d5 Nd4 9. Bxd4 exd4 10. Nd2 Ne7 11. O-O c5 12. Be2 O-O 13. Bd3 a6 14. a3 f5 15. exf5 Nxf5 16. g3 b6 17. Qg4 Ra7 18. h4 Bh6 19. Nf3 Ng7 20. Rae1 Re7 21. Rxe7 Qxe7 22. b4 Ne8 23. Re1 Qf7 24. Kg2 Ng7 25. Rb1 Qc7 26. bxc5 bxc5 27. h5 gxh5 28. Qe4 Ne8 29. Qe6+ Kg7 30. Nh4 Bg5 31. Nf5+ Kh8 32. f4 Bf6 33. Re1 Qd8 34. Nh6 Qc7 35. Nf5 Qd8 36. Qe4 Qd7 37. Rh1 h4 38. g4 Rg8 39. Kf3 Nc7 40. Bc2 Re8 41. Qd3 h6 42. Rb1 a5 43. Rb6 h3 44. Rb1 Nxd5 45. cxd5 c4 46. Qxc4 Rc8 47. Qe2 Rc3+ 48. Bd3 Qc7 49. Qe8+ Kh7 50. Qe4 1-0

[Event "ISR-chT"]
[Site "?"]
[Date "2003.03.28"]
[Round "8"]
[White "Lev Ronen"]
[Black "Kantsler Boris"]
[Result "0-1"]
[WhiteElo "2449"]
[BlackElo "2491"]
[PlyCount "62"]
[EventDate "2003.??.??"]
[Source "www.chesslib.no"]
[SourceDate "2004.05.04"]

1. d4 d6 2. Nf3 g6 3. c4 Bg7 4. e4 Bg4 5. Be2 Nc6 6. Be3 e5 7. d5 Bxf3 8. Bxf3 Nd4 9. Nd2 Ne7 10. Bxd4 exd4 11. O-O O-O 12. b4 a5 13. a3 c6 14. Nb3 axb4 15. axb4 Qb6 16. Qd2 c5 17. b5 Kh8 18. h4 Ng8 19. h5 Bh6 20. Qc2 Nf6 21. hxg6 fxg6 22. Rfe1 Nd7 23. Bg4 Ne5 24. Be6 Qd8 25. Rxa8 Qxa8 26. Ra1 Qd8 27. Na5 d3 28. Qb2 Qf6 29. Qa2 d2 30. Rf1 Be3 31. Nxb7 Qxf2+ 0-1

[Event "IHEM 2004"]
[Site "Hamburg"]
[Date "2004.06.02"]
[Round "5.1"]
[White "Loeffler, Stefan"]
[Black "Moreno Carnero, Javier"]
[Result "1-0"]
[WhiteElo "2413"]
[BlackElo "2525"]
[PlyCount "81"]
[EventDate "2004.05.29"]
[Source "Roberto Alvarez"]
[SourceDate "2004.06.07"]

1. Nf3 d6 2. d4 g6 3. c4 Bg7 4. e4 Bg4 5. Be2 Nc6 6. Be3 Bxf3 7. Bxf3 e5 8. d5 Nd4 9. Nc3 c5 10. dxc6 bxc6 11. O-O Ne7 12. c5 dxc5 13. Na4 Qa5 14. Rc1 Rd8 15. b3 O-O 16. Rxc5 Qa6 17. Rc4 Ndf5 18. Qc1 Nxe3 19. Qxe3 Qa5 20. h4 h5 21. Qc5 Qxc5 22. Nxc5 Rd2 23. Ra4 Nc8 24. Rd1 Rxd1+ 25. Bxd1 Rd8 26. Be2 Bf6 27. g3 Rd2 28. Kf1 Bd8 29. Nd3 Bb6 30. Nxe5 Rc2 31. Rc4 Rxa2 32. Rxc6 Ne7 33. Rf6 Ra1+ 34. Kg2 Ra5 35. Nxf7 Kg7 36. Rf4 Ra2 37. Bb5 a6 38. Be8 Ng8 39. Ng5 Nh6 40. Ne6+ Kh7 41. Rf6 1-0

[Event "Voskresensk"]
[Site "?"]
[Date "1992.??.??"]
[Round "?"]
[White "Krasenkov, M."]
[Black "Zlotnikov, M."]
[Result "1-0"]
[WhiteElo "2555"]
[BlackElo "2375"]
[PlyCount "55"]
[EventDate "1992.??.??"]
[Source "ChessBase"]
[SourceDate "1992.06.01"]

1. d4 g6 2. e4 Bg7 3. Nf3 d6 4. c4 Bg4 5. Be2 Nc6 6. Be3 Bxf3 7. Bxf3 e5 8. d5 Nd4 9. Nc3 Ne7 10. h4 c5 11. h5 a6 12. Be2 f5 13. hxg6 hxg6 14. Rxh8+ Bxh8 15. Bd3 Kd7 16. b4 f4 17. Bxd4 exd4 18. Na4 cxb4 19. c5 Ke8 20. Qg4 dxc5 21. Nxc5 Qc8 22. Qh4 Qxc5 23. Qxh8+ Kf7 24. Qh7+ Kf6 25. Kf1 Re8 26. e5+ Kxe5 27. Qf7 Qc8 28. Re1+ 1-0

[Event "Lyon zt"]
[Site "Lyon"]
[Date "1990.??.??"]
[Round "10"]
[White "Van der Sterren, Paul"]
[Black "Seret, Jean Luc"]
[Result "1-0"]
[WhiteElo "2515"]
[BlackElo "2405"]
[PlyCount "81"]
[EventDate "1990.04.??"]
[Source "ChessBase"]

1. d4 d6 2. Nf3 g6 3. c4 Bg7 4. e4 Bg4 5. Be2 Nc6 6. Be3 e5 7. d5 Bxf3 8. Bxf3 Nd4 9. Bxd4 exd4 10. Na3 c5 11. dxc6 bxc6 12. O-O Ne7 13. c5 dxc5 14. Nc4 O-O 15. Rc1 Rb8 16. b3 d3 17. e5 Bh6 18. Rc3 d2 19. Be4 Qd4 20. Qf3 Rb4 21. Rd1 Nd5 22. Rc2 f5 23. Bxd5+ cxd5 24. Nxd2 Qxe5 25. Rxc5 Rd4 26. Nc4 Qe4 27. Nb2 Rxd1+ 28. Qxd1 Re8 29. Kf1 Bg7 30. Nd3 Qd4 31. g3 Qe4 32. Kg1 Bd4 33. Rc2 Bb6 34. h4 Qd4 35. Qf3 Re4 36. Kg2 Kg7 37. Nf4 Qe5 38. Rc6 d4 39. Re6 Qxe6 40. Nxe6+ Rxe6 41. Qb7+ 1-0

[Event "Berliner Sommer"]
[Site "Berlin GER"]
[Date "1991.??.??"]
[Round "?"]
[White "Marosi, Gyorgy"]
[Black "Eingorn, Vereslav S"]
[Result "0-1"]
[WhiteElo "2335"]
[BlackElo "2585"]
[PlyCount "56"]
[EventDate "1991.07.??"]
[Source "www.chesslib.no"]
[SourceDate "2004.05.04"]

1. Nf3 g6 2. c4 Bg7 3. e4 d6 4. d4 Bg4 5. Be2 Nc6 6. Nbd2 Nf6 7. d5 Nb8 8. e5 dxe5 9. Nxe5 Bxe2 10. Qxe2 O-O 11. O-O c6 12. dxc6 Nxc6 13. Nxc6 bxc6 14. Nf3 Qc7 15. Bg5 Rfe8 16. Rad1 h6 17. Bh4 Nh5 18. b3 e5 19. Nd2 Nf4 20. Qe3 f5 21. f3 Qa5 22. Nb1 Qxa2 23. Rd2 Qa5 24. Rd7 Ne6 25. Be7 Rxe7 26. Rxe7 Bf8 27. b4 Qxb4 28. Qxe5 Qxe7 0-1

[Event "JUG Team Ch"]
[Site "Igalo"]
[Date "1994.??.??"]
[Round "?"]
[White "Rajkovic, V."]
[Black "Nikolic, Zivoslav"]
[Result "0-1"]
[WhiteElo "2435"]
[BlackElo "2485"]
[PlyCount "88"]
[EventDate "1994.??.??"]
[Source "www.chesslib.no"]
[SourceDate "2004.05.04"]

1. Nf3 g6 2. d4 Bg7 3. e4 d6 4. c4 Bg4 5. Be2 Nc6 6. Ng1 Bd7 7. d5 Nd4 8. Nc3 c5 9. Bd3 e5 10. dxe6 fxe6 11. Nge2 Ne7 12. Nxd4 cxd4 13. Nb5 Qb8 14. Bf4 e5 15. Bg5 a6 16. Na3 Nc6 17. Nc2 Nd8 18. Nb4 Ne6 19. Bc1 O-O 20. Nd5 Qd8 21. O-O Nc5 22. Bc2 a5 23. a4 Be6 24. Ra3 Rc8 25. Qe2 Bxd5 26. cxd5 Qc7 27. g3 Rf7 28. Bd2 Qd8 29. h4 h5 30. Kg2 Qb6 31. Rb1 Na6 32. Bd3 Nb4 33. Rb3 Rcf8 34. Be1 Bh6 35. Bc4 Qc5 36. Bb5 Nc2 37. f3 Ne3+ 38. Rxe3 Bxe3 39. b4 axb4 40. Bxb4 Qc7 41. Rf1 Rg7 42. Kh1 Rc8 43. Bd3 Qe7 44. a5 g5 0-1

[Event "XXIV ECC"]
[Site "Kallithea GRE"]
[Date "2008.10.17"]
[Round "1"]
[White "Lputian, S."]
[Black "Abeln, M."]
[Result "1-0"]
[WhiteElo "2588"]
[BlackElo "2329"]
[PlyCount "115"]
[EventDate "2008.10.17"]
[Source "www.chesslib.no"]
[SourceDate "2004.05.04"]

1. Nf3 d6 2. d4 g6 3. e4 Bg7 4. c4 Bg4 5. Be2 Nc6 6. Nbd2 e5 7. d5 Nb8 8. O-O Nf6 9. Ne1 Bxe2 10. Qxe2 O-O 11. Nd3 c5 12. b4 cxb4 13. a3 b3 14. c5 dxc5 15. Nxc5 Nbd7 16. Nd3 Rc8 17. Rb1 Nc5 18. Nxc5 Rxc5 19. Nxb3 Rc7 20. Bd2 Qd7 21. Na5 Rfc8 22. Rfd1 Ne8 23. Qe3 Nd6 24. Bb4 Nb5 25. h3 Nd4 26. Nb3 Rc4 27. Nxd4 exd4 28. Qg3 b6 29. Rd3 f5 30. f3 Re8 31. Re1 Be5 32. Qg5 Rec8 33. exf5 Qxd5 34. f4 Bg7 35. f6 Qxg5 36. fxg5 Bf8 37. Bxf8 Rxf8 38. Re4 h6 39. gxh6 Rxf6 40. Rexd4 Rxd4 41. Rxd4 Kh7 42. Rd7+ Kxh6 43. Rxa7 Kg5 44. Ra4 Rc6 45. Rb4 Rc1+ 46. Kh2 Ra1 47. Rb3 Ra2 48. Kg3 Ra1 49. Kf3 Ra2 50. g3 Kh5 51. Ke4 Rh2 52. h4 g5 53. Rb5 Ra2 54. Rxg5+ Kh6 55. Rb5 Rxa3 56. Rxb6+ Kh5 57. Rb5+ Kh6 58. Kf4 1-0

[Event "Gausdal Int"]
[Site "Gausdal"]
[Date "1991.??.??"]
[Round "2"]
[White "Djurhuus, Rune"]
[Black "Steingrimsson, Hedinn"]
[Result "1-0"]
[WhiteElo "2410"]
[BlackElo "2505"]
[PlyCount "101"]
[EventDate "1991.08.??"]
[Source "ChessBase"]

1. Nf3 g6 2. e4 Bg7 3. d4 d6 4. c4 Bg4 5. Be2 Nc6 6. Ng1 Bd7 7. Be3 e5 8. d5 Nd4 9. Nf3 Nxe2 10. Qxe2 f5 11. Nc3 f4 12. Bd2 g5 13. O-O-O g4 14. Ne1 Ne7 15. Nd3 Ng6 16. f3 Qg5 17. c5 Qh5 18. Kb1 gxf3 19. gxf3 Nh4 20. cxd6 cxd6 21. Ne1 O-O 22. Rg1 Kh8 23. Rc1 Bf6 24. Nd1 Bd8 25. Bb4 Bb6 26. Nf2 Rf6 27. h3 a6 28. Ng4 Rg6 29. Rh1 Qg5 30. Rc3 h5 31. Nf2 Rag8 32. Nfd3 Qf6 33. Qc2 Ng2 34. Nxg2 Rxg2 35. Qb3 Rg1+ 36. Rc1 Rxh1 37. Rxh1 Rg3 38. Be1 Rxf3 39. Qxb6 Rxd3 40. Qxb7 Bxh3 41. Rxh3 Rxh3 42. Qc8+ Kg7 43. Qxh3 Qg6 44. Qd7+ Kh8 45. Qd8+ Kg7 46. Qe7+ Kh8 47. Qf8+ Kh7 48. Qf5 Qxf5 49. exf5 e4 50. Kc2 Kg7 51. Bh4 1-0

[Event "Moscow RUS"]
[Site "?"]
[Date "1999.??.??"]
[Round "5"]
[White "Chekhov Valery A"]
[Black "Sichinava Roman"]
[Result "1-0"]
[WhiteElo "2511"]
[BlackElo "2395"]
[PlyCount "75"]
[EventDate "1999.??.??"]
[Source "www.chesslib.no"]
[SourceDate "2004.05.04"]

1. d4 d6 2. Nf3 g6 3. c4 Bg7 4. e4 Bg4 5. Be2 Nc6 6. Be3 Bxf3 7. Bxf3 e5 8. d5 Nce7 9. g4 f5 10. gxf5 gxf5 11. Nc3 Nf6 12. Qe2 O-O 13. O-O-O f4 14. Bd2 c5 15. Rdg1 Kh8 16. Qf1 Qd7 17. Bg2 a6 18. Bh3 Qe8 19. f3 Qh5 20. Be6 b5 21. cxb5 axb5 22. Qg2 Bh6 23. Nxb5 Rxa2 24. Nxd6 Ra6 25. Nc4 Qe8 26. Bc3 Nxe4 27. Bxe5+ Nf6 28. Nd6 Rxd6 29. Bxd6 Nexd5 30. Bxf8 Qxf8 31. Bxd5 Nxd5 32. Qd2 Qa8 33. Kb1 Bg7 34. Rxg7 Kxg7 35. Rd1 Nf6 36. Qxf4 Qa6 37. Qc7+ Kg6 38. Rg1+ 1-0

[Event "JUG Team Ch"]
[Site "Igalo"]
[Date "1994.??.??"]
[Round "4"]
[White "Pajkovic, Vladimir"]
[Black "Nikolic, Zivoslav"]
[Result "0-1"]
[WhiteElo "2420"]
[BlackElo "2485"]
[PlyCount "88"]
[EventDate "1994.??.??"]
[Source "www.chesslib.no"]
[SourceDate "2004.05.04"]

1. Nf3 g6 2. d4 Bg7 3. e4 d6 4. c4 Bg4 5. Be2 Nc6 6. Ng1 Bd7 7. d5 Nd4 8. Nc3 c5 9. Bd3 e5 10. dxe6 fxe6 11. Nge2 Ne7 12. Nxd4 cxd4 13. Nb5 Qb8 14. Bf4 e5 15. Bg5 a6 16. Na3 Nc6 17. Nc2 Nd8 18. Nb4 Ne6 19. Bc1 O-O 20. Nd5 Qd8 21. O-O Nc5 22. Bc2 a5 23. a4 Be6 24. Ra3 Rc8 25. Qe2 Bxd5 26. cxd5 Qc7 27. g3 Rf7 28. Bd2 Qd8 29. h4 h5 30. Kg2 Qb6 31. Rb1 Na6 32. Bd3 Nb4 33. Rb3 Rcf8 34. Be1 Bh6 35. Bc4 Qc5 36. Bb5 Nc2 37. f3 Ne3+ 38. Rxe3 Bxe3 39. b4 axb4 40. Bxb4 Qc7 41. Rf1 Rg7 42. Rh1 Rc8 43. Bd3 Qe7 44. a5 g5 0-1

[Event "Open"]
[Site "?"]
[Date "2001.06.05"]
[Round "4"]
[White "Ristic Nenad"]
[Black "Lazic Miroljub"]
[Result "1/2-1/2"]
[WhiteElo "2425"]
[BlackElo "2475"]
[PlyCount "24"]
[EventDate "2001.??.??"]
[Source "www.chesslib.no"]
[SourceDate "2004.05.04"]

1. e4 g6 2. d4 Bg7 3. Nf3 d6 4. c4 Bg4 5. Be2 Bxf3 6. Bxf3 Nc6 7. d5 Nd4 8. O-O c5 9. dxc6 Nxc6 10. Nc3 Nf6 11. Be3 O-O 12. Rc1 Qa5 1/2-1/2

[Event "New Jersey Futurity"]
[Site "Parsippany USA"]
[Date "2007.07.08"]
[Round "2"]
[White "Simutowe, A."]
[Black "Zaichik, G."]
[Result "0-1"]
[WhiteElo "2421"]
[BlackElo "2473"]
[PlyCount "134"]
[EventDate "2007.07.07"]
[Source "www.chesslib.no"]
[SourceDate "2004.05.04"]

1. d4 d6 2. Nf3 g6 3. e4 Bg7 4. c4 Bg4 5. Nc3 Nc6 6. Be3 e5 7. d5 Nd4 8. Be2 Bxf3 9. Bxf3 c5 10. dxc6 bxc6 11. g3 Rb8 12. b3 Ne7 13. Bg2 O-O 14. O-O c5 15. Rc1 Kh8 16. f4 exf4 17. Bxf4 Nec6 18. Qd2 Ne5 19. h3 Ne6 20. Be3 Nc6 21. Kh1 Be5 22. g4 Rb7 23. Bh6 Rg8 24. g5 f6 25. gxf6 Rf7 26. Nd5 g5 27. Bf3 Rxf6 28. Nxf6 Qxf6 29. Bxg5 Qxg5 30. Qxg5 Nxg5 31. Bg2 Nd4 32. Rf2 h5 33. Rcf1 h4 34. Rf8 Ne2 35. Rxg8+ Kxg8 36. Re1 Ng3+ 37. Kg1 Bd4+ 38. Kh2 Kf7 39. a3 a5 40. Rb1 Kf6 41. b4 cxb4 42. axb4 a4 43. b5 a3 44. b6 a2 45. Rd1 Bxb6 46. Ra1 Ke5 47. Rxa2 N5xe4 48. Ra8 Nd2 49. Rh8 Nf5 50. Re8+ Kf4 51. Rg8 Bf2 52. Rg4+ Ke5 53. Bd5 Ne3 54. Rg5+ Kf6 55. Rg8 Bg3+ 56. Kh1 Ndxc4 57. Bb7 Ne5 58. Rf8+ Ke7 59. Rg8 Nd3 60. Bc6 Nf2+ 61. Kg1 Nxh3+ 62. Kh1 Nf2+ 63. Kg1 Kf7 64. Re8 Nfg4 65. Rh8 d5 66. Rh5 Nf6 67. Rg5 Bf4 0-1

[Event "Open, Batumi GEO"]
[Site "?"]
[Date "2001.??.??"]
[Round "9"]
[White "Chibukhchian, A."]
[Black "Sturua, Z."]
[Result "1-0"]
[WhiteElo "2290"]
[BlackElo "2600"]
[PlyCount "80"]
[EventDate "2001.??.??"]
[Source "www.chesslib.no"]
[SourceDate "2004.05.04"]

1. d4 g6 2. c4 Bg7 3. Nf3 d6 4. e4 Bg4 5. Be2 Nc6 6. Be3 e5 7. d5 Bxf3 8. Bxf3 Nd4 9. Nd2 Ne7 10. g3 c5 11. h4 h5 12. Bg2 Ng8 13. Bh3 Nf6 14. a3 O-O 15. O-O a5 16. b3 Qe8 17. a4 Nh7 18. Qb1 Kh8 19. Qd3 Nf6 20. Rae1 Nd7 21. Kg2 Nb8 22. f4 exf4 23. gxf4 Na6 24. Bxd4 cxd4 25. e5 Nb4 26. Qe4 Ra6 27. Nf3 d3 28. Ng5 Kg8 29. e6 f5 30. Qf3 Qe7 31. Kh1 Re8 32. Rg1 Qf6 33. Rg2 Qc3 34. Rd1 Re7 35. Nf7 Rxf7 36. exf7+ Kxf7 37. Bxf5 gxf5 38. Qxh5+ Kf8 39. Rdg1 d2 40. Qxf5+ Ke8 1-0

[Event "ch-ARG Superior 2003"]
[Site "Caseros"]
[Date "2003.09.10"]
[Round "8.3"]
[White "Lafuente, Pablo"]
[Black "Flores, Diego"]
[Result "1-0"]
[WhiteElo "2446"]
[BlackElo "2437"]
[PlyCount "135"]
[EventDate "2003.09.03"]
[Source "Roberto Alvarez"]
[SourceDate "2003.09.15"]

1. d4 g6 2. c4 Bg7 3. Nf3 d6 4. e4 Bg4 5. Be2 Nc6 6. Ng1 Bd7 7. d5 Nd4 8. Nf3 Nxe2 9. Qxe2 e5 10. Nc3 Nf6 11. O-O O-O 12. Ne1 Nh5 13. Nd3 Qh4 14. g3 Qe7 15. f3 Rae8 16. b4 f5 17. a4 Rf7 18. b5 f4 19. g4 Nf6 20. Qg2 g5 21. a5 h5 22. h3 Bf8 23. a6 b6 24. Nb4 Rh7 25. Nc6 Qg7 26. Nd1 hxg4 27. hxg4 Rh4 28. Nf2 Bxc6 29. bxc6 Kf7 30. Rd1 Qh7 31. Kf1 Rh2 32. Qg1 Qh4 33. Ra3 Be7 34. Bd2 Rh8 35. Be1 Qg3 36. Qxg3 fxg3 37. Nd3 R8h3 38. Kg1 Re2 39. Nc1 Rc2 40. Rc3 Rb2 41. Rd2 Rb1 42. Kg2 Rh2+ 43. Kxg3 Rh1 44. Re2 Ra1 45. Kg2 Rh6 46. Ra2 Rb1 47. Bd2 Nh7 48. Rb3 Rxb3 49. Nxb3 Nf8 50. Nc1 Ng6 51. Ne2 Nh4+ 52. Kg3 Kg7 53. Ra1 Ng6 54. Rb1 Bf6 55. Be3 Rh8 56. Rc1 Rh7 57. Rg1 Rh8 58. Kg2 Nh4+ 59. Kf2 Ng6 60. Ng3 Kf7 61. Rh1 Rxh1 62. Nxh1 Nf4 63. Bxb6 Bd8 64. Bxa7 Nd3+ 65. Ke2 Nb4 66. Nf2 Nxa6 67. Nd3 Bf6 68. Kd2 1-0

[Event "Katowice Open"]
[Site "Katowice POL"]
[Date "1993.??.??"]
[Round "6"]
[White "Shipov, Sergei"]
[Black "Gorbatow, Alexej"]
[Result "1-0"]
[WhiteElo "2490"]
[BlackElo "2385"]
[PlyCount "97"]
[EventDate "1993.01.??"]
[Source "www.chesslib.no"]
[SourceDate "2004.05.04"]

1. d4 d6 2. Nf3 g6 3. c4 Bg7 4. e4 Bg4 5. Be2 Nc6 6. Be3 Bxf3 7. Bxf3 e5 8. d5 Nd4 9. Nc3 Ne7 10. O-O O-O 11. g3 Nxf3+ 12. Qxf3 f5 13. Bd2 Qd7 14. Qe2 f4 15. f3 h5 16. b4 Rf7 17. Qg2 Bh6 18. a4 Raf8 19. a5 a6 20. b5 Kg7 21. g4 hxg4 22. Qxg4 Qxg4+ 23. fxg4 Bg5 24. c5 dxc5 25. bxa6 bxa6 26. Na4 Kh6 27. Nxc5 f3 28. Bxg5+ Kxg5 29. Ne6+ Kxg4 30. Nxf8 Rxf8 31. Rac1 Nc8 32. Rxc7 Nd6 33. Rc6 Nxe4 34. Rxg6+ Kf4 35. d6 Ke3 36. d7 Ke2 37. Rg2+ Ke3 38. Re1+ Kf4 39. Rd1 Rd8 40. Rg7 Nc5 41. Rf7+ Ke3 42. Re1+ Kd4 43. Rxf3 e4 44. Rf7 Rg8+ 45. Kf1 Nd3 46. Rxe4+ Kxe4 47. Re7+ Kf3 48. Re8 Rg2 49. Rf8+ 1-0

[Event "Ubeda op 5th"]
[Site "Ubeda"]
[Date "2000.01.20"]
[Round "2"]
[White "Touzane, Olivier"]
[Black "Svetushkin, Dmitry"]
[Result "1/2-1/2"]
[WhiteElo "2384"]
[BlackElo "2486"]
[PlyCount "70"]
[EventDate "2000.01.19"]
[Source "ChessBase"]
[SourceDate "2000.04.05"]

1. d4 d6 2. e4 g6 3. c4 Bg7 4. Nf3 Bg4 5. Be2 Nf6 6. Nc3 Nfd7 7. Ng1 Bxe2 8. Ngxe2 e5 9. O-O exd4 10. Nxd4 O-O 11. Be3 Nc6 12. Qd2 Nde5 13. b3 Ng4 14. Bg5 Qe8 15. Nxc6 bxc6 16. h3 Qe5 17. hxg4 Qxc3 18. Qxc3 Bxc3 19. Rad1 Rfe8 20. Rd3 Bb4 21. f3 Bc5+ 22. Be3 Bxe3+ 23. Rxe3 a5 24. Kf2 c5 25. a4 Kg7 26. Rd1 Re6 27. g5 Rae8 28. Rde1 h6 29. gxh6+ Kxh6 30. Rh1+ Kg7 31. Rd3 f5 32. exf5 Re2+ 33. Kg1 gxf5 34. Rh2 Kg6 35. Kf1 Rb2 1/2-1/2

[Event "Sito Fide"]
[Site "?"]
[Date "2002.03.11"]
[Round "9"]
[White "Novik Maxim"]
[Black "Chepukaitis Genrikh"]
[Result "1/2-1/2"]
[WhiteElo "2466"]
[BlackElo "2402"]
[PlyCount "31"]
[EventDate "2002.??.??"]
[Source "www.chesslib.no"]
[SourceDate "2004.05.04"]

1. e4 g6 2. d4 Bg7 3. c4 d6 4. Nf3 Bg4 5. Be2 Nc6 6. Be3 Bxf3 7. Bxf3 e5 8. d5 Nd4 9. Bxd4 exd4 10. Nd2 c5 11. dxc6 bxc6 12. e5 Ne7 13. exd6 Qxd6 14. O-O O-O 15. Ne4 Qb4 16. Qb3 1/2-1/2

[Event "Pardubice"]
[Site "?"]
[Date "2006.07.27"]
[Round "7.38"]
[White "Tonoian Armen"]
[Black "Sergeev Vladimir"]
[Result "1/2-1/2"]
[WhiteElo "2379"]
[BlackElo "2489"]
[PlyCount "48"]
[EventDate "2006.??.??"]
[Source "www.chesslib.no"]
[SourceDate "2004.05.04"]

1. d4 d6 2. Nf3 g6 3. c4 Bg7 4. e4 Bg4 5. Be2 Nc6 6. Be3 e5 7. d5 Bxf3 8. Bxf3 Nd4 9. Bxd4 exd4 10. Nd2 Ne7 11. O-O O-O 12. Be2 c6 13. Bf3 f5 14. exf5 Nxf5 15. Ne4 Kh8 16. Re1 b5 17. cxb5 cxb5 18. Nd2 Qf6 19. Qe2 Nh4 20. Nf1 Rae8 21. Qc2 Rc8 22. Qe2 Rce8 23. Qc2 Rc8 24. Qe2 Rce8 1/2-1/2

[Event "It (open)"]
[Site "Balaguer (Spain)"]
[Date "2007.07.20"]
[Round "5"]
[White "Vilela de Acuna J"]
[Black "Arizmendi Martinez Julen L (E"]
[Result "0-1"]
[WhiteElo "2346"]
[BlackElo "2522"]
[PlyCount "78"]
[EventDate "2007.??.??"]
[Source "www.chesslib.no"]
[SourceDate "2004.05.04"]

1. d4 g6 2. Nf3 Bg7 3. e4 d6 4. c4 Bg4 5. Be2 c6 6. Nbd2 Nf6 7. h3 Bxf3 8. Bxf3 Nfd7 9. d5 a5 10. O-O Na6 11. Be2 O-O 12. Rb1 Ndc5 13. a3 a4 14. Qc2 Rc8 15. Re1 Qa5 16. Qd1 Rb8 17. Bf1 Nd7 18. b4 axb3 19. Nxb3 Qc7 20. f4 Nac5 21. Nxc5 Nxc5 22. Kh1 Ra8 23. Re3 e6 24. e5 Rad8 25. Bb2 dxe5 26. Bxe5 Bxe5 27. Rxe5 f6 28. Re1 Qxf4 29. Qc2 e5 30. Red1 Kg7 31. Qb3 cxd5 32. cxd5 Rd6 33. Qc2 b6 34. Bb5 Rfd8 35. Bc6 e4 36. Rd4 Rxc6 37. Rxe4 Nxe4 38. dxc6 Ng3+ 39. Kg1 Rd2 0-1